000 00559nam a22001697a 4500
005 20180723130511.0
020 _a8175345330
_c295.00
035 _aB-167954,B-167952, B-167949
037 _aDPL
_bENG
100 _aKumar, H.L.
245 _aPractical guide to employees' provident funds :
_bAct, rules and schemes /
_cby H.L. Kumar and Gaurav Kumar
250 _a5th ed.
260 _aNew Delhi
_bUniversal Law Publishing Co.
_c2006
300 _axxxvi, 374p.
_c22 cms.
700 _aKumar, Gaurav
_946925
942 _2ddc
_cEN
_h342.068
_mKUM
999 _c66503
_d66503